000 00521nam a2200205Ia 4500
005 20250923144225.0
008 008 250917s9999 xx 000 0 eng d
037 _aTextual
040 _aDSWL
_beng
_cDSWL
041 _aeng
_2eng
084 _aI21:13, H5
_qDSWL
100 _aNicol, H
_9822563
245 0 _aMicrobes by the million
_cby H Nicol
260 _c1945
300 _a221 p.
365 _aINR
_b1 6
925 _g1 6
942 _cTEXL
_hI21:13, H5
999 _c1436274
_d1436274